000
00328nam a2200133Ia 4500
008
240624s9999 xx 000 0 und d
041
_a
eng
082
_a
658.84 KUM
100
_a
KUMAR ASEEM
245
_a
EXPORT AND IMPORT MANAGEMENT
260
_c
2007
_a
New Delhi
_b
Excel Books
300
_a
317 : p. : cm. ; 24
365
_c
RS
999
_c
21172
_d
21172